00953nam a2200253 i 4500001000300000100001700003245011100020246009000131260003600221300003800257500009700295504001200392650001700404650001100421655001800432700003000450700002600480020001500506040000800521041001300529080001800542008004100560856009800601bg1 aLEE, Thomas.10aMicrosoft Windows 2000 protokoły i usługi TCP/IP :bprzewodnik techniczny /cThomas Lee i Joseph Davies. iTyt. oryg.:aMicrosoft Windows 2000 TCP/IP protocols and services technical reference aWarszawa :bAPN Promise,c2001. aXVIII, 507 s. ;c24 cm +eCD ROM. aTyt. oryg.: "Microsoft Windows 2000 TCP/IP protocols and services technical reference" 2000. aIndeks. 9aWindows 2000 9aTCP/IP aPodręczniki1 aDAVIES, Josephd(1962- ).1 aBIOLIK, Leszek.eTł. a8388440047 cBPK1 apolheng a004.057.4(07) s pl f |000 0 pol  uhttp://koha.tu.koszalin.pl/cgi-bin/koha/opac-detail.pl?biblionumber=43369yKatalog online BPK